Expressions - Statistiques

Statistiques générales
  • Ce quiz a été pris 4 fois
  • Le résultat moyen est 1 sur 8
Statistiques - réponses
Reponse % Correct
1 Quoicoubeh
50%
3 Wesh
50%
5 Apagnan
25%
6 Bouillave
0%
4 Hess
0%
2 Inshallah
0%
7 Pelo
0%
8 Wallah
0%
Aucun quiz correspondant
Distribution des résultats
% des personnes avec chaque résultat
Percentile par nombre de réponses
Votre historique - résultats
Vous n’avez pas pris ce quiz